[Event "European Women's Chess Club Cup 2023"]
[Site "Durres, Albania"]
[Date "2023.10.06"]
[Round "6.13"]
[White "Song, Yuxin"]
[Black "Atalik, Ekaterina"]
[Result "1/2-1/2"]
[TimeControl "90' + 30' & 30\""]
[WhiteElo "2404"]
[BlackElo "2394"]

1. e4 {[%clk 01:30:57]} {[%emt 00:00:03]} c6 {[%clk 01:30:50]} {[%emt
00:00:11]} 2. d4 {[%clk 01:31:19]} {[%emt 00:00:08]} d5 {[%clk 01:31:11]}
{[%emt 00:00:09]} 3. Nc3 {[%clk 01:31:43]} {[%emt 00:00:05]} dxe4 {[%clk
01:31:22]} {[%emt 00:00:20]} 4. Nxe4 {[%clk 01:32:07]} {[%emt 00:00:06]} Bf5
{[%clk 01:31:33]} {[%emt 00:00:19]} 5. Ng3 {[%clk 01:32:28]} {[%emt 00:00:09]}
Bg6 {[%clk 01:31:54]} {[%emt 00:00:08]} 6. h4 {[%clk 01:32:52]} {[%emt
00:00:06]} h6 {[%clk 01:32:14]} {[%emt 00:00:11]} 7. Nf3 {[%clk 01:33:14]}
{[%emt 00:00:08]} e6 {[%clk 01:31:30]} {[%emt 00:01:13]} 8. Ne5 {[%clk
01:33:34]} {[%emt 00:00:11]} Bh7 {[%clk 01:31:52]} {[%emt 00:00:08]} 9. Bd3
{[%clk 01:33:58]} {[%emt 00:00:05]} Bxd3 {[%clk 01:32:10]} {[%emt 00:00:13]} 10.
Qxd3 {[%clk 01:34:22]} {[%emt 00:00:06]} Nf6 {[%clk 01:32:23]} {[%emt
00:00:17]} 11. Bd2 {[%clk 01:34:36]} {[%emt 00:00:16]} Bd6 {[%clk 01:30:36]}
{[%emt 00:02:17]} 12. Qe2 {[%clk 01:28:10]} {[%emt 00:06:56]} O-O {[%clk
01:29:41]} {[%emt 00:01:25]} 13. O-O-O {[%clk 01:25:39]} {[%emt 00:03:00]} Qc7
{[%clk 01:29:23]} {[%emt 00:00:49]} 14. Nh5 {[%clk 01:09:26]} {[%emt 00:16:42]}
Nxh5 {[%clk 01:23:45]} {[%emt 00:06:08]} 15. Qxh5 {[%clk 01:09:03]} {[%emt
00:00:54]} Nd7 {[%clk 01:23:32]} {[%emt 00:00:43]} 16. Nxd7 {[%clk 00:59:58]}
{[%emt 00:09:35]} Qxd7 {[%clk 01:23:56]} {[%emt 00:00:06]} 17. Kb1 {[%clk
01:00:01]} {[%emt 00:00:27]} Rfd8 {[%clk 01:22:08]} {[%emt 00:02:19]} 18. Qg4
{[%clk 00:53:15]} {[%emt 00:07:15]} e5 {[%clk 00:59:36]} {[%emt 00:23:02]} 19.
Qxd7 {[%clk 00:52:48]} {[%emt 00:00:57]} Rxd7 {[%clk 01:00:02]} {[%emt
00:00:04]} 20. dxe5 {[%clk 00:52:54]} {[%emt 00:00:24]} Bxe5 {[%clk 00:57:46]}
{[%emt 00:02:46]} 21. Be3 {[%clk 00:53:16]} {[%emt 00:00:07]} Rad8 {[%clk
00:52:40]} {[%emt 00:05:37]} 22. Rxd7 {[%clk 00:42:00]} {[%emt 00:11:47]} Rxd7
{[%clk 00:53:05]} {[%emt 00:00:04]} 23. Bxa7 {[%clk 00:42:27]} {[%emt
00:00:04]} b6 {[%clk 00:52:24]} {[%emt 00:01:11]} 24. Bxb6 {[%clk 00:42:43]}
{[%emt 00:00:13]} Rb7 {[%clk 00:52:33]} {[%emt 00:00:20]} 25. Re1 {[%clk
00:42:51]} {[%emt 00:00:22]} Bf6 {[%clk 00:51:54]} {[%emt 00:01:10]} 26. Bd8
{[%clk 00:43:15]} {[%emt 00:00:07]} Rxb2+ {[%clk 00:40:34]} {[%emt 00:11:49]}
27. Kc1 {[%clk 00:43:36]} {[%emt 00:00:09]} Rxa2 {[%clk 00:40:53]} {[%emt
00:00:12]} 28. Re8+ {[%clk 00:35:40]} {[%emt 00:08:26]} Kh7 {[%clk 00:41:19]}
{[%emt 00:00:04]} 29. Bxf6 {[%clk 00:36:02]} {[%emt 00:00:07]} gxf6 {[%clk
00:41:45]} {[%emt 00:00:04]} 30. Rc8 {[%clk 00:36:26]} {[%emt 00:00:06]} Ra6
{[%clk 00:41:32]} {[%emt 00:00:43]} 31. h5 {[%clk 00:34:27]} {[%emt 00:02:28]}
Kg7 {[%clk 00:41:15]} {[%emt 00:00:47]} 32. Kb2 {[%clk 00:33:19]} {[%emt
00:01:38]} f5 {[%clk 00:37:04]} {[%emt 00:04:42]} 33. f4 {[%clk 00:33:23]}
{[%emt 00:00:26]} Rb6+ {[%clk 00:28:31]} {[%emt 00:09:03]} 34. Ka2 {[%clk
00:30:09]} {[%emt 00:03:44]} Rb4 {[%clk 00:23:47]} {[%emt 00:05:13]} 35. g3
{[%clk 00:30:25]} {[%emt 00:00:15]} Re4 {[%clk 00:23:41]} {[%emt 00:00:36]} 36.
Rxc6 {[%clk 00:26:24]} {[%emt 00:04:30]} Re3 {[%clk 00:24:00]} {[%emt
00:00:11]} 37. Rd6 {[%clk 00:14:36]} {[%emt 00:12:19]} Rxg3 {[%clk 00:23:26]}
{[%emt 00:01:05]} 38. Rd3 {[%clk 00:09:45]} {[%emt 00:05:20]} Rg4 {[%clk
00:18:57]} {[%emt 00:04:59]} 39. Rd4 {[%clk 00:10:10]} {[%emt 00:00:05]} Rh4
{[%clk 00:18:40]} {[%emt 00:00:47]} 40. c4 {[%clk 00:10:27]} {[%emt 00:00:13]}
Rxh5 {[%clk 00:18:42]} {[%emt 00:00:29]} 41. c5 {[%clk 00:10:52]} {[%emt
00:00:04]} Rh1 {[%clk 00:16:29]} {[%emt 00:02:43]} 42. Rc4 {[%clk 00:09:22]}
{[%emt 00:02:00]} Re1 {[%clk 00:12:36]} {[%emt 00:04:22]} 43. c6 {[%clk
00:09:45]} {[%emt 00:00:07]} Re8 {[%clk 00:12:40]} {[%emt 00:00:28]} 44. Kb3
{[%clk 00:10:11]} {[%emt 00:00:03]} Kg6 {[%clk 00:10:57]} {[%emt 00:02:13]} 45.
c7 {[%clk 00:09:03]} {[%emt 00:01:38]} Rc8 {[%clk 00:11:17]} {[%emt 00:00:09]}
46. Kb4 {[%clk 00:09:28]} {[%emt 00:00:06]} Kh5 {[%clk 00:10:26]} {[%emt
00:01:20]} 47. Kb5 {[%clk 00:09:49]} {[%emt 00:00:09]} Kg4 {[%clk 00:10:25]}
{[%emt 00:00:31]} 48. Kc6 {[%clk 00:10:12]} {[%emt 00:00:08]} h5 {[%clk
00:10:02]} {[%emt 00:00:52]} 49. Kd7 {[%clk 00:06:45]} {[%emt 00:03:57]} Rxc7+
{[%clk 00:09:46]} {[%emt 00:00:47]} 50. Kxc7 {[%clk 00:07:08]} {[%emt
00:00:08]} h4 {[%clk 00:09:17]} {[%emt 00:00:58]} 51. Kd6 {[%clk 00:27:16]}
{[%emt 00:10:21]} h3 {[%clk 00:35:20]} {[%emt 00:04:27]} 52. Rc8 {[%clk
00:25:46]} {[%emt 00:02:00]} Kxf4 {[%clk 00:34:24]} {[%emt 00:01:26]} 53. Rh8
{[%clk 00:26:11]} {[%emt 00:00:06]} Kg3 {[%clk 00:34:18]} {[%emt 00:00:36]} 54.
Ke5 {[%clk 00:26:28]} {[%emt 00:00:13]} h2 {[%clk 00:34:00]} {[%emt 00:00:47]}
55. Kxf5 {[%clk 00:26:38]} {[%emt 00:00:20]} Kg2 {[%clk 00:34:20]} {[%emt
00:00:11]} 1/2-1/2

[Event "European Women's Chess Club Cup 2023"]
[Site "Durres, Albania"]
[Date "2023.10.06"]
[Round "6.14"]
[White "Rakhmangulova, Anastasiya"]
[Black "Buksa, Nataliya"]
[Result "1/2-1/2"]
[TimeControl "90' + 30' & 30\""]
[WhiteElo "2354"]
[BlackElo "2361"]

1. e4 {[%clk 01:30:59]} e5 {[%clk 01:30:52]} {[%emt 00:00:09]} 2. Nf3 {[%clk
01:31:22]} {[%emt 00:00:07]} Nc6 {[%clk 01:31:17]} {[%emt 00:00:04]} 3. Bc4
{[%clk 01:31:46]} {[%emt 00:00:06]} Nf6 {[%clk 01:31:37]} {[%emt 00:00:10]} 4.
d3 {[%clk 01:32:10]} {[%emt 00:00:06]} Bc5 {[%clk 01:31:55]} {[%emt 00:00:11]}
5. Nc3 {[%clk 01:32:31]} {[%emt 00:00:10]} h6 {[%clk 01:31:38]} {[%emt
00:00:48]} 6. h3 {[%clk 01:32:26]} {[%emt 00:00:34]} a6 {[%clk 01:31:17]}
{[%emt 00:00:51]} 7. O-O {[%clk 01:32:40]} {[%emt 00:00:16]} d6 {[%clk
01:31:33]} {[%emt 00:00:14]} 8. Be3 {[%clk 01:32:13]} {[%emt 00:00:56]} Bxe3
{[%clk 01:21:08]} {[%emt 00:10:56]} 9. fxe3 {[%clk 01:32:25]} {[%emt 00:00:18]}
Na5 {[%clk 01:21:36]} {[%emt 00:00:02]} 10. Bb3 {[%clk 01:31:08]} {[%emt
00:01:47]} Nxb3 {[%clk 01:18:11]} {[%emt 00:03:55]} 11. axb3 {[%clk 01:31:32]}
{[%emt 00:00:06]} O-O {[%clk 01:17:03]} {[%emt 00:01:38]} 12. Rf2 {[%clk
01:29:10]} {[%emt 00:02:51]} c6 {[%clk 01:15:01]} {[%emt 00:02:33]} 13. Qd2
{[%clk 01:24:47]} {[%emt 00:04:52]} Qe7 {[%clk 01:11:16]} {[%emt 00:04:16]} 14.
Raf1 {[%clk 01:19:07]} {[%emt 00:06:09]} Nh7 {[%clk 01:11:23]} {[%emt
00:00:24]} 15. Na4 {[%clk 01:15:53]} {[%emt 00:03:44]} Qc7 {[%clk 01:02:35]}
{[%emt 00:09:18]} 16. Nc3 {[%clk 00:51:56]} {[%emt 00:24:27]} Be6 {[%clk
00:55:34]} {[%emt 00:07:31]} 17. d4 {[%clk 00:50:26]} {[%emt 00:01:59]} Rad8
{[%clk 00:56:01]} {[%emt 00:00:04]} 18. Ne2 {[%clk 00:49:53]} {[%emt 00:01:03]}
Bc8 {[%clk 00:40:46]} {[%emt 00:15:45]} 19. b4 {[%clk 00:41:25]} {[%emt
00:08:57]} Rde8 {[%clk 00:38:01]} {[%emt 00:03:15]} 20. Ng3 {[%clk 00:37:47]}
{[%emt 00:04:08]} Qe7 {[%clk 00:37:08]} {[%emt 00:01:24]} 21. c4 {[%clk
00:34:14]} {[%emt 00:04:02]} b6 {[%clk 00:35:28]} {[%emt 00:02:11]} 22. Rd1
{[%clk 00:29:24]} {[%emt 00:05:18]} Ng5 {[%clk 00:34:01]} {[%emt 00:01:58]} 23.
dxe5 {[%clk 00:28:17]} {[%emt 00:01:37]} dxe5 {[%clk 00:31:22]} {[%emt
00:03:10]} 24. Qd6 {[%clk 00:28:05]} {[%emt 00:00:41]} Nxf3+ {[%clk 00:31:21]}
{[%emt 00:00:31]} 25. Rxf3 {[%clk 00:27:48]} {[%emt 00:00:48]} Qxd6 {[%clk
00:27:08]} {[%emt 00:04:43]} 26. Rxd6 {[%clk 00:28:13]} {[%emt 00:00:05]} Re6
{[%clk 00:27:30]} {[%emt 00:00:09]} 27. Rd2 {[%clk 00:27:16]} {[%emt 00:01:26]}
Re7 {[%clk 00:26:25]} {[%emt 00:01:36]} 28. c5 {[%clk 00:24:36]} {[%emt
00:03:10]} Rd7 {[%clk 00:23:17]} {[%emt 00:03:38]} 29. Rff2 {[%clk 00:22:26]}
{[%emt 00:02:39]} Rfd8 {[%clk 00:21:59]} {[%emt 00:01:47]} 30. Nf1 {[%clk
00:17:40]} {[%emt 00:05:16]} b5 {[%clk 00:19:10]} {[%emt 00:03:20]} 31. Rxd7
{[%clk 00:14:55]} {[%emt 00:03:14]} Rxd7 {[%clk 00:18:48]} {[%emt 00:00:53]} 32.
Rd2 {[%clk 00:15:15]} {[%emt 00:00:09]} Kf8 {[%clk 00:18:18]} {[%emt 00:01:02]}
33. Rxd7 {[%clk 00:13:24]} {[%emt 00:02:20]} Bxd7 {[%clk 00:18:45]} {[%emt
00:00:03]} 34. Kf2 {[%clk 00:13:35]} {[%emt 00:00:19]} Be6 {[%clk 00:18:47]}
{[%emt 00:00:28]} 35. Nd2 {[%clk 00:13:26]} {[%emt 00:00:38]} Ke7 {[%clk
00:17:56]} {[%emt 00:01:21]} 36. g4 {[%clk 00:11:04]} {[%emt 00:02:52]} Kf6
{[%clk 00:11:37]} {[%emt 00:06:49]} 37. Kg3 {[%clk 00:10:49]} {[%emt 00:00:45]}
Ke7 {[%clk 00:11:27]} {[%emt 00:00:42]} 38. Nf3 {[%clk 00:10:58]} {[%emt
00:00:20]} f6 {[%clk 00:11:39]} {[%emt 00:00:18]} 39. Nh4 {[%clk 00:09:31]}
{[%emt 00:01:56]} g5 {[%clk 00:08:26]} {[%emt 00:03:44]} 40. Nf5+ {[%clk
00:08:23]} {[%emt 00:01:38]} Bxf5 {[%clk 00:07:54]} {[%emt 00:01:02]} 41. exf5
{[%clk 00:08:47]} {[%emt 00:00:05]} 1/2-1/2

[Event "European Women's Chess Club Cup 2023"]
[Site "Durres, Albania"]
[Date "2023.10.06"]
[Round "6.15"]
[White "Unuk, Laura"]
[Black "Demeter, Dorina"]
[Result "1/2-1/2"]
[TimeControl "90' + 30' & 30\""]
[WhiteElo "2313"]
[BlackElo "2115"]

1. Nf3 {[%clk 01:30:53]} {[%emt 00:00:06]} d5 {[%clk 01:30:30]} {[%emt
00:00:30]} 2. g3 {[%clk 01:31:11]} {[%emt 00:00:13]} Nf6 {[%clk 01:29:09]}
{[%emt 00:01:50]} 3. Bg2 {[%clk 01:30:32]} {[%emt 00:01:09]} e6 {[%clk
01:28:50]} {[%emt 00:00:49]} 4. c4 {[%clk 01:30:14]} {[%emt 00:00:48]} dxc4
{[%clk 01:28:18]} {[%emt 00:01:02]} 5. Na3 {[%clk 01:26:37]} {[%emt 00:04:07]}
Bxa3 {[%clk 01:20:35]} {[%emt 00:08:14]} 6. bxa3 {[%clk 01:26:02]} {[%emt
00:01:05]} O-O {[%clk 01:10:17]} {[%emt 00:10:47]} 7. Bb2 {[%clk 01:24:04]}
{[%emt 00:02:29]} Nbd7 {[%clk 01:07:54]} {[%emt 00:02:53]} 8. Qc2 {[%clk
01:22:54]} {[%emt 00:01:39]} h6 {[%clk 01:00:59]} {[%emt 00:07:25]} 9. Qxc4
{[%clk 01:18:35]} {[%emt 00:04:49]} Nb6 {[%clk 01:00:51]} {[%emt 00:00:38]} 10.
Qc2 {[%clk 01:15:35]} {[%emt 00:03:31]} Bd7 {[%clk 00:58:35]} {[%emt 00:02:45]}
11. Ne5 {[%clk 01:13:18]} {[%emt 00:02:46]} Ba4 {[%clk 00:51:52]} {[%emt
00:07:13]} 12. Qc1 {[%clk 01:12:51]} {[%emt 00:00:59]} Nbd5 {[%clk 00:44:49]}
{[%emt 00:07:33]} 13. O-O {[%clk 01:01:16]} {[%emt 00:12:04]} Qe7 {[%clk
00:42:42]} {[%emt 00:02:37]} 14. Qc4 {[%clk 00:47:25]} {[%emt 00:14:21]} Nb6
{[%clk 00:34:47]} {[%emt 00:08:26]} 15. Qc3 {[%clk 00:32:52]} {[%emt 00:15:03]}
Nbd5 {[%clk 00:18:56]} {[%emt 00:16:21]} 16. Qa5 {[%clk 00:29:02]} {[%emt
00:04:20]} Qe8 {[%clk 00:17:10]} {[%emt 00:02:15]} 17. d3 {[%clk 00:28:18]}
{[%emt 00:01:14]} b6 {[%clk 00:13:06]} {[%emt 00:04:35]} 18. Qd2 {[%clk
00:28:35]} {[%emt 00:00:13]} Rd8 {[%clk 00:12:02]} {[%emt 00:01:33]} 19. e4
{[%clk 00:25:43]} {[%emt 00:03:22]} Ne7 {[%clk 00:11:52]} {[%emt 00:00:40]} 20.
Nc4 {[%clk 00:23:36]} {[%emt 00:02:37]} Nd7 {[%clk 00:08:25]} {[%emt 00:03:58]}
21. Qc3 {[%clk 00:23:38]} {[%emt 00:00:28]} f6 {[%clk 00:08:12]} {[%emt
00:00:42]} 22. d4 {[%clk 00:22:54]} {[%emt 00:01:14]} Qf7 {[%clk 00:05:57]}
{[%emt 00:02:45]} 23. Ne3 {[%clk 00:19:29]} {[%emt 00:03:55]} c5 {[%clk
00:04:27]} {[%emt 00:02:00]} 24. d5 {[%clk 00:18:53]} {[%emt 00:01:06]} exd5
{[%clk 00:03:05]} {[%emt 00:01:52]} 25. exd5 {[%clk 00:18:59]} {[%emt
00:00:24]} Kh8 {[%clk 00:02:27]} {[%emt 00:01:08]} 26. Rfe1 {[%clk 00:16:23]}
{[%emt 00:03:07]} Nc8 {[%clk 00:00:54]} {[%emt 00:02:02]} 27. Nf5 {[%clk
00:12:36]} {[%emt 00:04:17]} Rfe8 {[%clk 00:01:17]} {[%emt 00:00:08]} 28. Rac1
{[%clk 00:04:22]} {[%emt 00:08:44]} Qg6 {[%clk 00:01:04]} {[%emt 00:00:42]} 29.
Nh4 {[%clk 00:04:06]} {[%emt 00:00:46]} Qf7 {[%clk 00:01:15]} {[%emt 00:00:19]}
30. Qc4 {[%clk 00:04:06]} {[%emt 00:00:31]} b5 {[%clk 00:01:25]} {[%emt
00:00:20]} 31. Qg4 {[%clk 00:04:31]} {[%emt 00:00:04]} Nf8 {[%clk 00:00:58]}
{[%emt 00:00:57]} 32. Nf5 {[%clk 00:04:04]} {[%emt 00:00:57]} c4 {[%clk
00:00:35]} {[%emt 00:00:54]} 33. Bd4 {[%clk 00:02:40]} {[%emt 00:01:54]} Qg6
{[%clk 00:00:39]} {[%emt 00:00:26]} 34. Qf3 {[%clk 00:02:32]} {[%emt 00:00:38]}
Nd7 {[%clk 00:00:45]} {[%emt 00:00:23]} 35. Nh4 {[%clk 00:02:36]} {[%emt
00:00:26]} Qf7 {[%clk 00:00:40]} {[%emt 00:00:36]} 36. Qf5 {[%clk 00:02:17]}
{[%emt 00:00:49]} Nd6 {[%clk 00:00:54]} {[%emt 00:00:15]} 37. Qf3 {[%clk
00:01:05]} {[%emt 00:01:42]} Ne5 {[%clk 00:00:42]} {[%emt 00:00:43]} 38. Bxe5
{[%clk 00:00:37]} {[%emt 00:00:57]} Rxe5 {[%clk 00:01:11]} {[%emt 00:00:02]} 39.
Rxe5 {[%clk 00:00:34]} {[%emt 00:00:33]} fxe5 {[%clk 00:01:38]} {[%emt
00:00:01]} 40. Qg4 {[%clk 00:00:36]} {[%emt 00:00:29]} g5 {[%clk 00:00:36]}
{[%emt 00:01:32]} 41. Nf3 {[%clk 00:29:24]} {[%emt 00:01:42]} Rf8 {[%clk
00:14:25]} {[%emt 00:16:41]} 42. Rf1 {[%clk 00:23:16]} {[%emt 00:06:39]} Qf6
{[%clk 00:12:13]} {[%emt 00:02:41]} 43. h4 {[%clk 00:18:30]} {[%emt 00:05:16]}
gxh4 {[%clk 00:06:33]} {[%emt 00:06:10]} 44. Nxh4 {[%clk 00:16:25]} {[%emt
00:02:35]} Rg8 {[%clk 00:04:33]} {[%emt 00:02:30]} 1/2-1/2

[Event "European Women's Chess Club Cup 2023"]
[Site "Durres, Albania"]
[Date "2023.10.06"]
[Round "6.16"]
[White "Aydin, Gulenay"]
[Black "Urh, Zala"]
[Result "1/2-1/2"]
[TimeControl "90' + 30' & 30\""]
[WhiteElo "2143"]
[BlackElo "2216"]

1. e4 {[%clk 01:30:50]} {[%emt 00:00:10]} c5 {[%clk 01:30:20]} {[%emt
00:00:41]} 2. Nf3 {[%clk 01:31:11]} {[%emt 00:00:09]} e6 {[%clk 01:30:37]}
{[%emt 00:00:13]} 3. c3 {[%clk 01:31:26]} {[%emt 00:00:15]} d5 {[%clk
01:30:54]} {[%emt 00:00:13]} 4. exd5 {[%clk 01:31:49]} {[%emt 00:00:07]} Qxd5
{[%clk 01:31:02]} {[%emt 00:00:22]} 5. d4 {[%clk 01:32:11]} {[%emt 00:00:07]}
Nf6 {[%clk 01:30:34]} {[%emt 00:00:58]} 6. Be3 {[%clk 01:32:06]} {[%emt
00:00:35]} Be7 {[%clk 01:30:28]} {[%emt 00:00:36]} 7. Bd3 {[%clk 01:09:39]}
{[%emt 00:22:57]} O-O {[%clk 01:29:46]} {[%emt 00:01:13]} 8. O-O {[%clk
01:09:02]} {[%emt 00:01:07]} Rd8 {[%clk 01:29:45]} {[%emt 00:00:30]} 9. Qe2
{[%clk 01:08:23]} {[%emt 00:01:10]} cxd4 {[%clk 01:29:08]} {[%emt 00:01:07]} 10.
cxd4 {[%clk 01:08:39]} {[%emt 00:00:14]} Nc6 {[%clk 01:29:01]} {[%emt
00:00:37]} 11. Nc3 {[%clk 01:08:51]} {[%emt 00:00:18]} Qh5 {[%clk 01:29:16]}
{[%emt 00:00:15]} 12. a3 {[%clk 01:07:13]} {[%emt 00:02:08]} Bd6 {[%clk
01:28:35]} {[%emt 00:01:11]} 13. Rad1 {[%clk 01:00:54]} {[%emt 00:06:48]} b6
{[%clk 01:21:08]} {[%emt 00:07:57]} 14. Rfe1 {[%clk 00:52:06]} {[%emt
00:09:19]} Bb7 {[%clk 01:18:42]} {[%emt 00:02:56]} 15. Ne4 {[%clk 00:45:35]}
{[%emt 00:07:01]} Bc7 {[%clk 00:55:23]} {[%emt 00:23:49]} 16. Ng3 {[%clk
00:36:36]} {[%emt 00:09:29]} Bxg3 {[%clk 00:53:23]} {[%emt 00:02:30]} 17. hxg3
{[%clk 00:34:01]} {[%emt 00:03:04]} Ng4 {[%clk 00:50:26]} {[%emt 00:03:27]} 18.
Be4 {[%clk 00:32:00]} {[%emt 00:02:32]} f5 {[%clk 00:41:39]} {[%emt 00:09:17]}
19. Bd3 {[%clk 00:21:18]} {[%emt 00:11:12]} e5 {[%clk 00:35:43]} {[%emt
00:06:26]} 20. d5 {[%clk 00:17:39]} {[%emt 00:04:09]} Ne7 {[%clk 00:28:17]}
{[%emt 00:07:56]} 21. Bg5 {[%clk 00:16:28]} {[%emt 00:01:41]} e4 {[%clk
00:21:09]} {[%emt 00:07:38]} 22. Bxe7 {[%clk 00:15:55]} {[%emt 00:01:04]} exf3
{[%clk 00:16:57]} {[%emt 00:04:41]} 23. Qe6+ {[%clk 00:15:22]} {[%emt
00:01:03]} Kh8 {[%clk 00:17:19]} {[%emt 00:00:09]} 24. Bh4 {[%clk 00:15:38]}
{[%emt 00:00:13]} Rxd5 {[%clk 00:15:31]} {[%emt 00:02:18]} 25. Bb1 {[%clk
00:04:33]} {[%emt 00:11:35]} Qg6 {[%clk 00:06:38]} {[%emt 00:09:22]} 26. Rxd5
{[%clk 00:03:18]} {[%emt 00:01:45]} Qxe6 {[%clk 00:07:02]} {[%emt 00:00:07]} 27.
Rxe6 {[%clk 00:03:45]} {[%emt 00:00:03]} Bxd5 {[%clk 00:07:26]} {[%emt
00:00:05]} 28. Rd6 {[%clk 00:00:47]} {[%emt 00:03:27]} Re8 {[%clk 00:06:24]}
{[%emt 00:01:34]} 29. gxf3 {[%clk 00:00:58]} {[%emt 00:00:20]} Bxf3 {[%clk
00:05:16]} {[%emt 00:01:37]} 30. Rd8 {[%clk 00:01:15]} {[%emt 00:00:13]} Rxd8
{[%clk 00:05:30]} {[%emt 00:00:17]} 31. Bxd8 {[%clk 00:01:43]} {[%emt
00:00:02]} g6 {[%clk 00:02:25]} {[%emt 00:03:34]} 32. Bc7 {[%clk 00:02:06]}
{[%emt 00:00:06]} b5 {[%clk 00:01:36]} {[%emt 00:01:19]} 33. Bd3 {[%clk
00:00:57]} {[%emt 00:01:39]} a6 {[%clk 00:01:21]} {[%emt 00:00:46]} 34. a4
{[%clk 00:00:56]} {[%emt 00:00:31]} Bc6 {[%clk 00:01:25]} {[%emt 00:00:26]} 35.
f3 {[%clk 00:00:41]} {[%emt 00:00:45]} Ne3 {[%clk 00:01:24]} {[%emt 00:00:31]}
36. Bb6 {[%clk 00:00:38]} {[%emt 00:00:32]} Nc4 {[%clk 00:00:41]} {[%emt
00:01:13]} 37. axb5 {[%clk 00:00:36]} {[%emt 00:00:33]} axb5 {[%clk 00:00:51]}
{[%emt 00:00:19]} 38. Bxc4 {[%clk 00:01:01]} {[%emt 00:00:05]} bxc4 {[%clk
00:01:19]} {[%emt 00:00:03]} 39. Kf2 {[%clk 00:01:24]} {[%emt 00:00:07]} Kg7
{[%clk 00:01:02]} {[%emt 00:00:46]} 40. g4 {[%clk 00:01:21]} {[%emt 00:00:33]}
Kf6 {[%clk 00:00:57]} {[%emt 00:00:36]} 41. Kg3 {[%clk 00:30:02]} {[%emt
00:01:49]} Ke5 {[%clk 00:25:40]} {[%emt 00:05:46]} 42. Be3 {[%clk 00:28:07]}
{[%emt 00:02:25]} fxg4 {[%clk 00:23:34]} {[%emt 00:02:36]} 43. fxg4 {[%clk
00:28:31]} {[%emt 00:00:07]} Ke4 {[%clk 00:23:52]} {[%emt 00:00:12]} 44. Bh6
{[%clk 00:28:34]} {[%emt 00:00:27]} Bd7 {[%clk 00:23:50]} {[%emt 00:00:32]} 45.
Bg5 {[%clk 00:28:35]} {[%emt 00:00:29]} h5 {[%emt 00:00:31]} 1/2-1/2

[Event "European Women's Chess Club Cup 2023"]
[Site "Durres, Albania"]
[Date "2023.10.06"]
[Round "6.17"]
[White "Tsolakidou, Stavroula"]
[Black "Van Foreest, Machteld"]
[Result "1/2-1/2"]
[TimeControl "90' + 30' & 30\""]
[WhiteElo "2385"]
[BlackElo "2266"]

1. c4 {[%clk 01:30:55]} {[%emt 00:00:04]} Nf6 {[%clk 01:30:53]} {[%emt
00:00:08]} 2. g3 {[%clk 01:30:55]} {[%emt 00:00:30]} e6 {[%emt 00:00:59]} 3.
Bg2 {[%clk 01:31:03]} {[%emt 00:00:04]} d5 {[%clk 01:31:07]} {[%emt 00:00:05]}
4. Nf3 {[%clk 01:31:20]} {[%emt 00:00:13]} dxc4 {[%clk 01:30:37]} {[%emt
00:01:01]} 5. Qa4+ {[%clk 01:31:26]} {[%emt 00:00:23]} Nbd7 {[%clk 01:31:01]}
{[%emt 00:00:05]} 6. Qxc4 {[%clk 01:31:46]} {[%emt 00:00:10]} a6 {[%clk
01:31:20]} {[%emt 00:00:12]} 7. Qc2 {[%emt 00:12:42]} Bd6 {[%emt 00:02:10]} 8.
Nc3 {[%clk 01:30:35]} {[%emt 00:00:14]} O-O {[%emt 00:02:31]} 9. O-O {[%emt
00:06:22]} Qe7 {[%clk 01:10:55]} {[%emt 00:01:05]} 10. d4 {[%clk 01:29:34]}
{[%emt 00:01:03]} c6 {[%clk 01:06:39]} {[%emt 00:04:46]} 11. Rd1 {[%emt
00:07:53]} Rd8 {[%emt 00:34:52]} 12. b3 {[%clk 00:57:52]} {[%emt 00:05:23]} e5
{[%emt 00:15:28]} 13. Bg5 {[%emt 00:00:09]} exd4 {[%clk 00:35:44]} {[%emt
00:04:02]} 14. Nxd4 {[%clk 00:48:36]} {[%emt 00:07:36]} Be5 {[%emt 00:19:04]}
15. Nf3 {[%clk 00:35:10]} {[%emt 00:04:08]} Bxc3 {[%clk 00:23:51]} {[%emt
00:03:37]} 16. Qxc3 {[%emt 00:00:07]} h6 {[%emt 00:07:22]} 17. Qe3 {[%clk
00:28:10]} {[%emt 00:00:41]} Re8 {[%emt 00:10:40]} 18. Qxe7 {[%clk 00:20:04]}
{[%emt 00:01:24]} Rxe7 {[%clk 00:21:36]} {[%emt 00:00:06]} 19. Bxf6 {[%clk
00:20:29]} {[%emt 00:00:05]} Nxf6 {[%clk 00:21:49]} {[%emt 00:00:17]} 20. Rd8+
{[%clk 00:20:54]} {[%emt 00:00:05]} Re8 {[%clk 00:22:16]} {[%emt 00:00:04]} 21.
Rxe8+ {[%clk 00:20:54]} {[%emt 00:00:30]} Nxe8 {[%clk 00:22:43]} {[%emt
00:00:03]} 22. Ne5 {[%clk 00:21:16]} {[%emt 00:00:07]} Be6 {[%clk 00:21:37]}
{[%emt 00:01:37]} 23. Rd1 {[%clk 00:21:05]} {[%emt 00:00:40]} Kf8 {[%emt
00:08:40]} 24. e4 {[%emt 00:06:28]} Ke7 {[%clk 00:11:19]} {[%emt 00:02:18]} 25.
f4 {[%clk 00:15:45]} {[%emt 00:00:12]} Rd8 {[%clk 00:11:23]} {[%emt 00:00:26]}
26. Rxd8 {[%clk 00:16:06]} {[%emt 00:00:09]} Kxd8 {[%clk 00:11:51]} {[%emt
00:00:03]} 27. f5 {[%clk 00:16:30]} {[%emt 00:00:06]} f6 {[%clk 00:12:15]}
{[%emt 00:00:05]} 28. Nxc6+ {[%clk 00:13:49]} {[%emt 00:03:11]} bxc6 {[%clk
00:12:40]} {[%emt 00:00:06]} 29. fxe6 {[%clk 00:14:16]} {[%emt 00:00:03]} Ke7
{[%emt 00:10:30]} 30. e5 {[%clk 00:05:46]} {[%emt 00:00:44]} c5 {[%emt
00:00:22]} 31. exf6+ {[%clk 00:05:47]} {[%emt 00:00:12]} Nxf6 {[%clk 00:11:48]}
{[%emt 00:00:03]} 32. Bf1 {[%clk 00:05:55]} {[%emt 00:00:22]} a5 {[%clk
00:10:25]} {[%emt 00:01:53]} 33. Bc4 {[%clk 00:06:20]} {[%emt 00:00:04]} Ng4
{[%emt 00:05:15]} 34. Kg2 {[%clk 00:04:54]} {[%emt 00:00:02]} Ne5 {[%clk
00:08:02]} {[%emt 00:00:03]} 35. Bd5 {[%emt 00:00:54]} Kd6 {[%clk 00:08:14]}
{[%emt 00:00:03]} 36. h3 {[%emt 00:00:31]} Ng6 {[%emt 00:02:09]} 37. Bc4 {[%clk
00:05:09]} {[%emt 00:00:01]} Ne5 {[%clk 00:07:03]} {[%emt 00:00:05]} 38. Bd5
{[%clk 00:02:03]} {[%emt 00:03:36]} Ng6 {[%clk 00:07:29]} {[%emt 00:00:04]} 39.
Be4 {[%emt 00:00:54]} Ne5 {[%emt 00:00:13]} 40. Kf2 {[%clk 00:02:40]} {[%emt
00:00:06]} Kxe6 {[%emt 00:00:44]} 41. Ke3 {[%emt 00:00:30]} Nf7 {[%emt
00:11:03]} 42. Kf4 {[%emt 00:04:06]} 1/2-1/2